A long unwinding road (Record no. 84668)

MARC details
000 -LEADER
fixed length control field 00758cab a22001935a 4500
001 - CONTROL NUMBER
control field L158731
008 - FIXED-LENGTH DATA ELEMENTS--GENERAL INFORMATION
fixed length control field 150702e20150620xxk 000 0 eng d
035 ## - SYSTEM CONTROL NUMBER
System control number (Sirsi) u158731
041 0# - LANGUAGE CODE
Language code of text/sound track or separate title eng
100 1# - MAIN ENTRY--PERSONAL NAME
Personal name Colby, Allyson
245 02 - TITLE STATEMENT
Title A long unwinding road
260 ## - PUBLICATION, DISTRIBUTION, ETC.
Date of publication, distribution, etc. 2015
490 ## - SERIES STATEMENT
Series statement Estates Gazette
Volume/sequential designation (1524) 20 June 2015, 121(1)
520 ## - SUMMARY, ETC.
Summary, etc. Examines the court's decisions when deciding applications for validation orders. Notes that transactions entered into by companies that have a winding up petition hanging over them are wound up and then voided. Warns buyers that they would be advised to check a company's status before handing over any money.
590 ## - LOCAL NOTE (RLIN)
Local note KA
651 #4 - SUBJECT ADDED ENTRY--GEOGRAPHIC NAME
Geographic name United Kingdom
690 ## - LOCAL SUBJECT ADDED ENTRY--TOPICAL TERM (OCLC, RLIN)
Topical term or geographic name as entry element Insolvency
9 (RLIN) 6247
942 ## - ADDED ENTRY ELEMENTS (KOHA)
Suppress in OPAC 0
Holdings
Withdrawn status Lost status Source of classification or shelving scheme Damaged status Not for loan Home library Current library Shelving location Date acquired Total Checkouts Full call number Barcode Date last seen Copy number Price effective from Koha item type
    Dewey Decimal Classification     London London Journal article 02/07/2015   L158731 158731-1001 06/08/2019 1 06/08/2019 Journal article